000 00810nam a2200265 a 4500
001 3430805
003 OSt
005 20230703143526.0
008 910710s1990 ke 000 0 eng
010 _a 90980676
020 _a0195727215
040 _aDLC
_cDLC
043 _af-ke---
082 0 0 _a342.676
_a346.7620285
_bKIB
100 1 _aKibwana, Kivutha.
245 1 0 _aFundamental rights and freedoms in Kenya /
_cKivutha Kibwana.
260 _aNairobi :
_bOxford University Press,
_c1990.
300 _aix, 95 p. ;
_c21 cm.
440 0 _aYou and the law
650 0 _aCivil rights
_zKenya.
650 0 _aHuman rights
_zKenya.
906 _a7
_bcbc
_corignew
_d2
_encip
_f19
_gy-gencatlg
942 _2ddc
_cBK
999 _c3288
_d3288